The International who's who 2013 / (Record no. 75364)

MARC details
000 -LEADER
fixed length control field 00833nam a22002537a 4500
005 - DATE AND TIME OF LATEST TRANSACTION
control field 20130509152905.0
008 - FIXED-LENGTH DATA ELEMENTS--GENERAL INFORMATION
fixed length control field 130509b xxu||||| |||| 00| 0 eng d
010 ## - LCCN (DPL NO)
LC control number B-500395-400
020 ## - INTERNATIONAL STANDARD BOOK NUMBER
Terms of availability PD, 490.00, Rs. 40052.60
International Standard Book Number 9781857436372
035 ## - SYSTEM CONTROL NUMBER
System control number B-500395-400
037 ## - SOURCE OF ACQUISITION
Source of stock number/acquisition KKP/Ven
040 ## - CATALOGING SOURCE
Original cataloging agency dpl
Language of cataloging English
082 ## - DEWEY DECIMAL CLASSIFICATION NUMBER
Classification number 920.01
245 ## - TITLE STATEMENT
Title The International who's who 2013 /
246 ## - VARYING FORM OF TITLE
Title proper/short title who's who
250 ## - EDITION STATEMENT
Edition statement 76th Ed.
260 ## - PUBLICATION, DISTRIBUTION, ETC. (IMPRINT)
Place of publication, distribution, etc London
Name of publisher, distributor, etc Routledge
Date of publication, distribution, etc 2012
270 ## - ADDRESS
Address Routledge
City London
300 ## - PHYSICAL DESCRIPTION
Extent 2428p.
Dimensions 28cm (Hb)
700 ## - ADDED ENTRY--PERSONAL NAME
Personal name Bhushan, Ravi
710 ## - ADDED ENTRY--CORPORATE NAME
Corporate name or jurisdiction name as entry element Indian Institute of Research in Numismatic Studies.
942 ## - ADDED ENTRY ELEMENTS (KOHA)
Source of classification or shelving scheme Dewey Decimal Classification
Item type English Books
Call number suffix 920.01INT
Holdings
Withdrawn status Lost status Source of classification or shelving scheme Damaged status Not for loan Collection code Home library Current library Date acquired Source of acquisition Cost, normal purchase price Total Checkouts Full call number Barcode Date last seen Copy number Cost, replacement price Koha item type
    Dewey Decimal Classification   Not For Loan Reference Central Library Central Library 09/05/2013 KKP/BL2979/11.3.13/158/21.2.13/19.3.13 40052.60   920.01INT B-500395 09/05/2013 1 40052.60 English Books
    Dewey Decimal Classification   Not For Loan Reference Janak Puri Janak Puri 09/05/2013 KKP/BL2979/11.3.13/158/21.2.13/19.3.13 40052.60   920.01INT B-500399 09/05/2013 1 40052.60 English Books
    Dewey Decimal Classification   Not For Loan Reference Kasturba Gandhi Marg Kasturba Gandhi Marg 09/05/2013 KKP/BL2979/11.3.13/158/21.2.13/19.3.13 40052.60   920.01INT B-500397 09/05/2013 1 40052.60 English Books
    Dewey Decimal Classification   Not For Loan Reference Patel Nagar Patel Nagar 09/05/2013 KKP/BL2979/11.3.13/158/21.2.13/19.3.13 40052.60   920.01INT B-500396 09/05/2013 1 40052.60 English Books
    Dewey Decimal Classification   Not For Loan Reference Peshwa Road Peshwa Road 09/05/2013 KKP/BL2979/11.3.13/158/21.2.13/19.3.13 40052.60   920.01INT B-500398 09/05/2013 1 40052.60 English Books
    Dewey Decimal Classification   Not For Loan Reference Sarojini Nagar Sarojini Nagar 09/05/2013 KKP/BL2979/11.3.13/158/21.2.13/19.3.13 40052.60   920.01INT B-500400 09/05/2013 1 40052.60 English Books

© Delhi Public Library
Hit Counter
free hit counter